Central Library OPAC University of Rajshahi

The logical systems of Lesniewski / (Record no. 6420)

MARC details
000 -LEADER
fixed length control field 00908nam a2200265 a 4500
001 - CONTROL NUMBER
control field 6420
003 - CONTROL NUMBER IDENTIFIER
rucl marc code (BD-RjUL)
005 - DATE AND TIME OF LATEST TRANSACTION
control field 20211208234235.0
008 - FIXED-LENGTH DATA ELEMENTS--GENERAL INFORMATION
fixed length control field 021029s1959 enk m 000|0 eng d
035 ## - SYSTEM CONTROL NUMBER
System control number (BD-RjUL) 6460
040 ## - CATALOGING SOURCE
Original cataloging agency BD-RjUL
Language of cataloging eng
Transcribing agency BD-RjUL
Modifying agency (BD-RjUL)
041 ## - LANGUAGE CODE
Language code of text/sound track or separate title eng
082 ## - DEWEY DECIMAL CLASSIFICATION NUMBER
Classification number 164
Author mark and year LUL 1962
100 1# - MAIN ENTRY--PERSONAL NAME
Personal name Luschei, Eugene C.
9 (RLIN) 20215
245 14 - TITLE STATEMENT
Title The logical systems of Lesniewski /
Statement of responsibility, etc. Eugene C. Luschei.
260 ## - PUBLICATION, DISTRIBUTION, ETC. (IMPRINT)
Date of publication, distribution, etc. 1962.
Place of publication, distribution, etc. NETHERLANDS.:
Name of publisher, distributor, etc. Amsterdam, North-Holland Pub. Co..,
300 ## - PHYSICAL DESCRIPTION
Pagination 361 p.;
Size 26 cm.
502 ## - DISSERTATION NOTE
Dissertation note Thesis (D.Phil.)--University of Oxford, 1959.
504 ## - BIBLIOGRAPHY, ETC. NOTE
Bibliography, etc Bibliography: leaves 237-246.
600 10 - SUBJECT ADDED ENTRY--PERSONAL NAME
Personal name Leśniewski, Stanisław,
Dates associated with a name 1886-1939.
650 #0 - SUBJECT ADDED ENTRY--TOPICAL TERM
Topical term or geographic name as entry element Logic, Symbolic and mathematical.
9 (RLIN) 20217
Topical term or geographic name as entry element Semantics (Philosophy)
9 (RLIN) 20218
710 2# - ADDED ENTRY--CORPORATE NAME
Corporate name or jurisdiction name as entry element University of Oxford.
Subordinate unit Faculty of Literae Humaniores.
Title of a work Thesis.
9 (RLIN) 20219
942 ## - ADDED ENTRY ELEMENTS (KOHA)
Source of classification or shelving scheme Dewey Decimal Classification
Koha item type Books
Holdings
Lost status Source of classification or shelving scheme Damaged status Not for loan Collection code Permanent Location Current Location Shelving location Date acquired Source of acquisition Cost, normal purchase price Total Checkouts Full call number Date last seen Copy number Koha item type
  Dewey Decimal Classification   Not For Loan Non-fiction Central Library, University of Rajshahi Central Library, University of Rajshahi   25/10/1968 Book Centre. 70.00   164 LUL 1962 11/01/2014 C-1 Books